LEADER 01321nam0 2200385 450 001 000007585 005 20070221110812.0 010 $a88-15-11123-9$b1. 010 $a88-15-11124-7$b2. 010 $a88-15-11125-5$b3. 010 $a88-15-11126-3$b4. 100 $a20070220d2006----km-y0itay50------ba 101 0 $aita 102 $aIT 105 $ay-------001yy 200 1 $aMetodi della ricerca sociale$fKenneth D. Bailey 205 $aNuova ed. in 4 vol. 2006$fEd. italiana a cura di Maurizio Rossi 210 $aBologna$cIl Mulino$d2006 215 $a4 v.$d24 cm 225 2 $aStrumenti 300 $aL'indicazione di ed. si ricava dal verso del frontespizio 327 1 $a1.: I principi fondamentali$a2.: L'inchiesta$a3.: I metodi qualitativi$a4.: L'analisi e l'interpretazione dei dati 410 0$12001$aStrumenti 610 1 $aRicerca sociale - Metodologia 676 $a300.7$v20 700 1$aKenneth,$bD. Bailey$0630557 702 1$aRossi,$bMaurizio 801 0$aIT$bUNIPARTHENOPE$c20070220$gRICA$2UNIMARC 912 $a000007585 951 $a300-M/2[I]$b39062$cNAVA1$d2007 951 $a300-M/2[II]$b39063$cNAVA1$d2007 951 $a300-M/2[III]$b39064$cNAVA1$d2007 951 $a300-M/2[IV]$b39065$cNAVA1$d2007 996 $aMetodi della ricerca sociale$91205613 997 $aUNIPARTHENOPE LEADER 01007nam0 2200289 450 001 000029887 005 20140211163027.0 010 $a978-88-204-3518-9 100 $a20140211d2013----km-y0itay50------ba 101 0 $aita 102 $aIT 105 $ay-------001yy 200 1 $a<>arte della mediazione$econtiene un'appendice con lettura orientata della sentenza della Corte Costituzionale n. 272/2012$fRaffaella Verga, Damiano Marinelli 210 $aMilano$cFranco Angeli$dc2013 215 $a395 p.$d23 cm 225 2 $aManuali$v244 410 0$12001$aManuali 500 10$a<>arte della mediazione$940549 610 1 $aMediazioni$aLegislazione$aItalia 676 $a347.4509$v22$9Risoluzione delle controversie. Italia 700 1$aVerga,$bRaffaella$0634408 701 1$aMarinelli,$bDamiano$0605709 801 0$aIT$bUNIPARTHENOPE$c20140211$gRICA$2UNIMARC 912 $a000029887 951 $a347-A/2$b44875$cNAVA1$d2014 996 $aArte della mediazione$940549 997 $aUNIPARTHENOPE